00433nam a2200145Ia 4500100002500000942000700025654002600032245003600058260002600094082001100120300000800131546001200139999001700151952011900168 aSwinehart/ H.J. ed.  cBK aCutting tool material aCutting tool material selection bAstmeaMichiganc1967 a621.93 a155 aENGLISH c29256d29256 001040708AFTaCRCEbCRCEd2023-03-17eUBSg65.25iT-377l0o621.93 pAFT2326r2023-03-17v65.25w2023-03-17yBK